| 000 | 03990cam a22005894a 4500 | ||
|---|---|---|---|
| 001 | ocm61200757 | ||
| 003 | TZ-ArACH | ||
| 005 | 20110421100539.0 | ||
| 008 | 050727s2005 ne b b 101 0 eng | ||
| 010 | _a 2005050842 | ||
| 015 |
_aGBA580520 _2bnb |
||
| 016 | 7 |
_a013297645 _2Uk |
|
| 016 |
_aB0516320 _2bccb |
||
| 020 | _a9789004147805 (pbk : alk. paper) | ||
| 035 | _a(OCoLC)61200757 | ||
| 040 |
_aDLC _cTZ-ArACH _dYDX _dBAKER _dUKM _dOHX _dMBB _dZYF _dNLGGC _dPUL _dYDXCP _dBTCTA _dLVB _dOCLCG _dIG# _dHEBIS |
||
| 041 | _aeng | ||
| 042 | _apcc | ||
| 043 | _af------ | ||
| 049 | _aTZAA | ||
| 050 | 0 | 0 |
_aHD966 _b.C66 2005 |
| 245 | 0 | 0 |
_aCompeting jurisdictions : _bsettling land claims in Africa / _cedited by Sandra Evers, Marja Spierenburg, Harry Wels. |
| 260 |
_aLeiden ; _aBoston : _bBrill, _c2005. |
||
| 300 |
_a363 p. : _bmap ; _c24 cm. |
||
| 490 | 1 |
_aAfrika-Studiecentrum series, _x1570-9310 ; _vv. 6 |
|
| 500 | _aSelected papers from a conference held in September 2003 at the Vrije Universiteit Amsterdam. | ||
| 504 | _aIncludes bibliographical references and index. | ||
| 505 | 0 | _aCommunal tenure from above and from below. Land rights, authority and livelihoods in rural South Africa / Ben Cousins, Aninka Claassens -- Land tenure reform in South Africa : a focus on the Moravian Church land in the Western Cape / Lungisile Ntsebeza -- Contestation, confusion and corruption : market-based land reform in Zambia / Taylor Brown -- We fought the war to return to the old ways. Conflicts about land reforms in Dande, Northern Zimbabwe / Marja Spierenburg -- Fractionating local leadership : created authority and management of state land in Zimbabwe / Bill Kinsey -- First-comers and late-comers : the role of narratives in land claims / Carola Lentz -- State formation, access to the commons and autochthony among the Berbers of the Middle Atlas, Morocco / Bernhard Venema -- Land and the politics of identity. The case of Anywaa-Nuer relations in the Gambella region / Dereje Feyissa -- Trumping the ancestors : the challenges of implementing a land registration system in Madagascar / Sandra Evers -- The struggle for land rights in the context of multiple normative orders in Tanzania / Rie Odgaard -- Traditional additional authorities in Uganda and the management of legislatively decentralised forest resources / Frank Muhereza -- Participative approaches and decentralized management of the Samori forest in the Baye municipality, Mopti region (Mali) / Bréhima Kassibo -- Insiders out : forest access through village chiefs in Senegal / Sagana Thiaw, Jesse Ribot -- Fighting over crumbs? Small valleys in West Africa as a new locus of land / Mayke Kaag. | |
| 650 | 0 |
_aLand tenure _zAfrica _vCongresses. _9660 |
|
| 650 | 0 |
_aLand reform _zAfrica _vCongresses. _9661 |
|
| 650 | 0 |
_aLand use, Rural _xGovernment policy _zAfrica. _9662 |
|
| 650 | 0 |
_aRight of property _zAfrica _vCongresses. _9663 |
|
| 650 | 0 |
_aLand titles _zAfrica _vCongresses. _9664 |
|
| 650 | 0 |
_aCommons _zAfrica _vCongresses. _9665 |
|
| 650 | 6 |
_aPropriété foncière _zAfrique _vCongrès. _9666 |
|
| 650 | 6 |
_aRéforme agraire _zAfrique _vCongrès. _9667 |
|
| 650 | 6 |
_aSol, Utilisation agricole du _xPolitique gouvernementale _zAfrique _vCongrès. _9668 |
|
| 650 | 6 |
_aDroit de propriété _zAfrique _vCongrès. _9669 |
|
| 650 | 6 |
_aTitres de propriété _zAfrique _vCongrès. _9670 |
|
| 650 | 6 |
_aCommunaux _zAfrique _vCongrès. _9671 |
|
| 650 | 0 | 7 |
_aBodenrecht. _2swd _9672 |
| 650 | 0 | 7 |
_aBodenreform. _2swd _9673 |
| 651 | 7 |
_aAfrika. _2swd _9674 |
|
| 651 | 7 |
_aAmsterdam <2003> _2swd _9675 |
|
| 700 | 1 |
_aEvers, Sandra. _9676 |
|
| 700 | 1 |
_aSpierenburg, Marja. _9677 |
|
| 700 | 1 |
_aWels, Harry, _d1961- _9678 |
|
| 776 | 0 | 8 |
_iOnline version: _tCompeting jurisdictions. _dLeiden ; Boston : Brill, 2005 _w(OCoLC)654669048 |
| 830 | 0 |
_aAfrika-Studiecentrum series ; _vv. 6. _9679 |
|
| 942 |
_2lcc _cBOOK |
||
| 999 |
_c1164 _d1164 |
||